Responses for Show #1751 - Monday, March 23, 1992

Contestants

[<< previous game]

Tim Smight, an editor and freelance writer from Thousand Oaks, California

Arlene Subin, a homemaker from Blue Bell, Pennsylvania

Thom Stark, a senior research analyst from El Cerrito, California (whose 1-day cash winnings total $18,201)

[next game >>]

Jeopardy! Round responses

FISH
BORN IN BROOKLYN
HOLIDAYS & OBSERVANCES
PEOPLE IN HISTORY
WHISTLES
IN THE DICTIONARY
    $100 11
an Electric Eel

Thom
    $100 15
Joan Rivers

Arlene
    $100 26
Columbus Day

Thom
    $100 1
smallpox

Thom
    $100 18
"Dixie"

Tim
    $100 6
a petting zoo

Thom
    $200 12
(Arlene: What's a stringray?)

manta rays

ThomArlene
    $200 16
Woody Allen

Thom
    $200 27
(Tim: What is Veterans Day?)
(Thom: What is the 4th of July?

Memorial Day

ThomArleneTim
    $200 2
Diamond Jim

Arlene
    $200 19
wet your whistle

Arlene
    $200 7
a snare

Thom
    $300 13
a shark

Arlene
    $300 22
(Thom: Who is Tippi Hedren?)
...
(Alex: We have one minute to go in the round.)

Suzanne Pleshette

ThomTim
    $300 28
[The end-of-round signal sounds.]

Annie Oakley

Arlene
    $300 3
Lenin

Arlene
    $300 20
Snow White (and the Seven Dwarfs)

Tim
    $300 8
mace

Arlene
    $200 14
mahi mahi

Arlene
    $400 24
Lou Ferrigno

Arlene
    $400 4
Napoleon

Thom
    $400 21
the railroads

Arlene
    $400 9
a summit

Thom
    $500 17
(Tim: What is a swordfish?)

the sailfish

Tim
Triple Stumper
    $500 25
Mary Tyler Moore

Tim
    $500 5
Elizabeth Cady Stanton

Triple Stumper
    $500 23
a penny whistle

Arlene
    $500 10
scrumptious

Tim

Scores at the first commercial break (after clue 14):

Thom Arlene Tim
$1,500 $1,100 $500

Scores at the end of the Jeopardy! Round:

Thom Arlene Tim
$1,300 $3,200 $1,000

Double Jeopardy! Round responses

PRESIDENTS
WEIGHTS & MEASURES
BODIES OF WATER
BUSINESS & INDUSTRY
SCIENCE
EUGENE O'NEILL
    $200 19
(Warren G.) Harding

Arlene
    $200 12
the Magna Carta

Arlene
    $200 22
the Amazon

Thom
    $200 1
IBM

Tim
    $200 7
a glacier

Thom
    $200 13
Boston

Thom
    $400 18
Harry S. Truman

Thom
    $400 11
a cubit

Thom
    $400 23
Iberian

Arlene
    $400 2
a gumball

Thom
    $400 6
seas

Thom
    $400 20
Helen Hayes

Arlene
    $600 17
William McKinley

Triple Stumper
    $600 10
a dram

Thom
    $600 24
the Mekong

Thom
    $600 15
Bingo

Thom
    $600 5
(Thom: What are fossils or [*]?)

bones

Thom
    $600 21
(Omar) Khayyam

Tim
    $1,300 16
(Thom: What's uh... I'll say Barnes?)

Birchard

Thom
    $800 9
27

Thom
    $800 25
Lake Champlain

Triple Stumper
    $800 27
Conair

Tim
    $800 4
the mantle

Thom
    $2,000 29
(Arlene: Uh, what is his daughter?)
...
(Alex: She was the daughter of his daughter, Oona.)

his granddaughter

Arlene
    $1000 14
(Grover) Cleveland

Tim
    $1000 8
avoirdupois

Thom
    $1000 26
(Lake) Baikal

Thom
    $1000 28
Sylvia Porter

Arlene
    $1000 3
the Haber (Bosch) process

Triple Stumper
    $1000 30
The Emperor Jones

Thom

Scores at the end of the Double Jeopardy! Round:

Thom Arlene Tim
$9,200 $3,400 $3,600
(lock game)

[wagering suggestions for these scores]

Final Jeopardy! Round responses

BRITISH RULERS
(Alex: [To Thom] You missed it by one; [*], grandson of George II.)
ArleneWho was George I?
$3,400
TimWho was Henry V
$100
ThomWho was George IV?
$0
George III

Final scores:

Thom Arlene Tim
$9,200 $0 $3,500
2-day champion: $27,401 3rd place: Magnavox VCR + Nintendo Entertainment System with Super Jeopardy! & Wheel of Fortune + InfoGenius for Game Boy 2nd place: Bassett dining room set + Ego Trip lithograph by Jane Wooster Scott courtesy of Scott Arts Graphic

Game dynamics:

Coryat scores:

Thom Arlene Tim
$10,500 $5,600 $3,600
25 R,
3 W
(including 1 DD)
17 R
(including 1 DD),
2 W
(including 1 DD)
9 R,
2 W

Combined Coryat: $19,700

[game clues] [game scores] [suggest correction]

Game tape date: 1991-12-09
The J! Archive is created by fans, for fans. Scraping, republication, monetization, and malicious use prohibited; this site may use cookies and collect identifying information. See terms. The Jeopardy! game show and all elements thereof, including but not limited to copyright and trademark thereto, are the property of Jeopardy Productions, Inc. and are protected under law. This website is not affiliated with, sponsored by, or operated by Jeopardy Productions, Inc. Join the discussion at JBoard.tv.